000 01553cam a22005054i 4500
003 PE-LiUPU
005 20250731180106.0
008 150617s r 000 0 d
035 _a(Sirsi) a19616
040 _aPE-LiUPU
_bspa
_cPE-LiUPU
_erda
049 _aPRUA
082 0 4 _a598.2
_bK81
_221
100 1 _aKoepcke, María,
_eautor.
245 1 4 _aLas aves del departamento de Lima /
_cMaría Koepke.
264 1 _aLima :
_bGráfica Morson,
_c1964.
300 _a118 páginas ;
_c20 cm
336 _atext
_2rdacontent
337 _aunmediated
_2rdamedia
338 _avolume
_2rdacarrier
505 0 _aIntroducción -- Topografía del ave -- Tamaños de aves -- Las aves conocidas del departamento de Lima.
526 _aSEG44
526 _aSEG26
526 _aP159
526 _aP155
526 _aP154
526 _aP153
526 _aP150
526 _aP100
526 _aP31
526 _aP30
526 _aP26
526 _aP25
526 _aP24
526 _aP22
526 _aP15
526 _aP10
650 0 4 _aAves
_zPerú - Lima.
910 _ajck
_bjvq
_cjck
_d20150616
942 _2ddc
_cBOOK
949 _a598.2 K81
_wDEWEY
_c1
_i05420
_lCCODEBUL1
_mBUL
_p00.00
_r0
_sY
_tBOOK
_u2015-04-22
_xEDUCACION
_zUNKNOWN
_0COMPRA
_o.STAFF. Colección General
994 _aC0
_bPEPRU
596 _a1
999 _a598.2 K81
_wDEWEY
_c19438
_i05420
_f2021-11-5
_g5
_lCCODEBUL1
_mBUL
_r0
_sN
_tBOOK
_u2015-4-22
_xBIBLIOTECA
_zUNKNOWN
_0COMPRA
_o.STAFF. Colección General
_d19438
980 _81
_gALBERTO SANCHEZ Responsable de Automatización